Statistics for Houses of British Monarchs

Click here to take the quiz!

General Stats

  • This quiz has been taken 45,647 times
    (45,413 since last reset)
  • The average score is 6 of 11

Answer Stats

YearsFirst RulerLast RulerHouse% Correct
1917–George V...House of Windsor
92%
1485–1603Henry VIIElizabeth IHouse of Tudor
91%
1603–1649, 1660–1714James IAnneHouse of Stuart
69%
1461–1470, 1471–1485Edward IVRichard IIIHouse of York
65%
1399–1461, 1470–1471Henry IVHenry VIHouse of Lancaster
61%
1714–1901George IVictoriaHouse of Hanover
56%
1216–1399Henry IIIRichard IIHouse of Plantagenet
52%
1066–1135William IHenry IHouse of Normandy
48%
1901–1917Edward VIIEdward VIIHouse of Saxe-Coburg and Gotha
41%
1154–1216Henry IIJohnHouse of Anjou
29%
1135–1154StephenStephenHouse of Blois
29%

Score Distribution

Percentile by Number Answered

Percent of People with Each Score

Your Score History

You have not taken this quiz since the last reset